Statistics for Countries With The Biggest Percentage Of Their Area Is Forest

Click here to take the quiz!

General Stats

  • This quiz has been taken 28 times
  • The average score is 4 of 10

Answer Stats

%Answer% Correct
90.2Suriname
75%
72.00Finland
61%
89.45Seychelles
36%
87.15Palau
36%
89.12Tuvalu
32%
85.00Gabon
32%
89.74Micronesia
29%
79.00Solomon Islands
29%
73.00North Korea
21%
78.00Mozambique
11%

Score Distribution

Percentile by Number Answered

Percent of People with Each Score

Your Score History

You have not taken this quiz